Music Quiz

Random Music or Song Quiz

'In The Air Tonight' Lyrics Quiz Stats

 Plays Quiz Updated Oct 2, 2018

Score 0/233 Timer 08:00
0 Plays Today
% Correct
I
99.7%
I
99.7%
I
99.7%
I
99.7%
I
99.7%
I
99.7%
I
99.7%
I
99.7%
I
99.7%
I
99.7%
I
99.7%
I
99.7%
I
99.7%
I
99.7%
I
99.7%
the
99.2%
the
99.2%
the
99.2%
the
99.2%
the
99.2%
the
99.2%
the
99.2%
The
99.2%
the
99.2%
the
99.2%
in
98.7%
in
98.7%
in
98.7%
in
98.7%
in
98.7%
air
98.7%
air
98.7%
air
98.7%
air
98.7%
air
98.7%
tonight,
98.3%
tonight,
98.3%
tonight,
98.3%
tonight,
98.3%
[Awesome drum solo]
98.3%
tonight,
98.3%
[Repeated many times]
98.3%
can
97.5%
Can
97.5%
can
97.5%
can
97.5%
can
97.5%
can
97.5%
feel
97%
feel
97%
feel
97%
feel
97%
feel
97%
it
96.9%
it
96.9%
it
96.9%
it
96.9%
it
96.9%
it
96.9%
a
96.8%
a
96.8%
to
96.3%
you
92.7%
you
92.7%
you
92.7%
you
92.7%
you
92.7%
you
92.7%
you
92.7%
you
92.7%
you
92.7%
coming
92%
coming
92%
coming
92%
coming
92%
coming
92%
my
83.8%
my
83.8%
% Correct
my
83.8%
my
83.8%
my
83.8%
my
83.8%
oh
83.3%
oh
83.3%
oh
83.3%
oh
83.3%
oh
83.3%
oh
83.3%
oh
83.3%
oh
83.3%
oh
83.3%
oh
83.3%
oh
83.3%
for
83.1%
for
83.1%
for
83.1%
for
83.1%
for
83.1%
all
82.1%
all
82.1%
all
82.1%
all
82.1%
all
82.1%
been
79.4%
been
79.4%
been
79.4%
been
79.4%
been
79.4%
been
79.4%
life,
79.3%
life,
79.3%
life,
79.3%
life,
79.3%
and
78.3%
And
78.3%
And
78.3%
And
78.3%
And
78.3%
And
78.3%
this
78.2%
this
78.2%
this
78.2%
this
78.2%
I've
77.2%
I've
77.2%
I've
77.2%
I've
77.2%
I've
77.2%
me
76.2%
me
76.2%
me
76.2%
we
76.1%
waiting
75.7%
waiting
75.7%
waiting
75.7%
waiting
75.7%
moment
74.4%
moment
74.4%
moment
74.4%
moment
74.4%
Lord
74.2%
Lord
74.2%
Lord,
74.2%
Lord
74.2%
Lord
74.2%
Lord
74.2%
Lord
74.2%
Lord,
74.2%
Lord
74.2%
Lord
74.2%
Lord
74.2%
and
73.7%
No
69.1%
no
69.1%
know
68.3%
know
68.3%
% Correct
know
68.3%
know
68.3%
don't
64.5%
don't
64.5%
don't
64.5%
of
64.4%
that
62.8%
if
62.5%
if
62.5%
So
61.3%
It's
60.4%
It's
60.4%
It's
60.4%
your
60.1%
your
60.1%
But
58.2%
But
58.2%
but
58.2%
were
57.7%
who
57.2%
am
56.7%
where
56.5%
not
56.3%
what
55.8%
remember,
55.2%
remember
55.2%
time,
54.3%
time
54.3%
would
54.3%
ever
53.4%
ever
53.4%
saw
52.1%
saw
52.1%
did
51.9%
was
51.7%
there
51.7%
How
51.5%
why
51.4%
Well,
51.3%
Well,
51.3%
Well
51.3%
seen
50.9%
you've
50.8%
could
50.6%
lies
50.4%
with
50.1%
pack
49.3%
last
49.2%
eyes
48.9%
drowning
48.5%
first
48.5%
hand
48.4%
told
48.2%
face
47.8%
two
47.3%
lend
46.8%
own
46.7%
met
46.7%
before
46.1%
reason
44.7%
friend
44.5%
off
44.2%
worry
43.5%
wipe
41%
grin,
40.8%
forget,
40.6%
pain
39.1%
show
38.1%
still
36.5%
stranger
36.2%
hurt
35.9%
keep
35.5%
doesn't
35.5%
grows
33.8%
silence
33.2%
up,
32%
fool
25.6%

You're not logged in!

Compare scores with friends on all Sporcle quizzes.
OR
Log In

You Might Also Like...

Show Comments

Extras

Top Quizzes Today


Score Distribution

Your Account Isn't Verified!

In order to create a playlist on Sporcle, you need to verify the email address you used during registration. Go to your Sporcle Settings to finish the process.

Report this User

Report this user for behavior that violates our Community Guidelines.

Details: